Sports Quiz

Random Sports or Numbers Quiz

NCAA Basketball Tournament Champions Quiz Stats

 Plays Quiz Updated Jul 13, 2018

Challenge
Share
Tweet
Embed
Score 0/35 Timer 06:00
16 Plays Today
# of Championships Team % Correct
5Duke
97.6%
6North Carolina
96.4%
11UCLA
95.4%
8Kentucky
93.2%
1Michigan
89.1%
3Kansas
88.4%
2Florida
87.6%
4Connecticut
85.4%
2Michigan State
84.3%
5Indiana
81.3%
1Ohio State
78.2%
1Syracuse
75.5%
1Arizona
69.6%
1Georgetown
69%
2North Carolina State
66.3%
3Villanova
65.2%
3Louisville
63.2%
1UNLV
61%
# of Championships Team % Correct
1Maryland
59%
1Oregon
56%
1Wisconsin
54%
1Arkansas
51.1%
2Oklahoma State (Oklahoma A&M)
50.9%
1California
50.8%
1Stanford
44.7%
1Marquette
39.6%
2Cincinnati
39%
1UTEP (Texas Western)
38.3%
1Utah
37%
2San Francisco
35.5%
1City College of New York
19.8%
1Loyola (Chicago)
19.2%
1Wyoming
18.9%
1Holy Cross
15.7%
1La Salle
15.5%

You're not logged in!

Compare scores with friends on all Sporcle quizzes.
OR
Log In

You Might Also Like...

Show Comments

Extras

Top Quizzes Today


Score Distribution

Your Account Isn't Verified!

In order to create a playlist on Sporcle, you need to verify the email address you used during registration. Go to your Sporcle Settings to finish the process.

Report this User

Report this user for behavior that violates our Community Guidelines.

Details: